| 000 | 00369nam a22001577a 4500 | ||
|---|---|---|---|
| 003 | SGT | ||
| 020 | _a9780316924344 | ||
| 082 |
_a616.024 _bM95E |
||
| 100 | _aEWALD, GREGORY A. | ||
| 245 | _aMANUAL OF MEDICAL THERAPEUTICS | ||
| 250 | _a28TH | ||
| 260 |
_aUSA _bWASHINGTON UNIVERSITY PUB _c1995 |
||
| 300 | _a641 | ||
| 650 | _aGENERAL MEDICINE | ||
| 942 |
_2ddc _cRARE |
||
| 999 |
_c22342 _d22342 |
||